Význam a úloha marketingu v neziskových organizáciách diplomová práca

Gespeichert in:
Bibliographische Detailangaben
1. Verfasser: Blašková, Martina
Körperschaft: Podnikovohospodárska fakulta EU so sídlom v Košiciach. Katedra obchodného podnikania
Weitere Verfasser: Naščáková, Jana
Format: Buch
Sprache:Slowakisch
Veröffentlicht: Košice 2017
Tags: Tag hinzufügen
Keine Tags, Fügen Sie das erste Tag hinzu!

MARC

LEADER 00000nbm a2200000 4500
001 0231506
005 20220405111007.9
041 0 |a slo 
044 |a SK 
245 1 0 |a Význam a úloha marketingu v neziskových organizáciách  |b diplomová práca  |c Martina Blašková ; školiteľ: Jana Naščáková 
264 1 |a Košice  |c 2017 
300 |a 73 s. 
100 1 |a Blašková, Martina 
700 1 |a Naščáková, Jana 
710 2 |a Podnikovohospodárska fakulta EU so sídlom v Košiciach. Katedra obchodného podnikania